[Event "FRA-ch U20"]
[Site "Agen"]
[Date "2021.10.31"]
[Round "9.1"]
[White "Travadon, Loic"]
[Black "Canivet, Arnaud"]
[Result "1-0"]
[WhiteElo "2414"]
[BlackElo "1892"]
[PlyCount "85"]
[EventDate "2021.10.25"]
[EventType "swiss"]
[EventRounds "9"]
[EventCountry "FRA"]
[SourceTitle "EXT 2023"]
[Source "ChessBase"]
[SourceDate "2022.10.05"]
[SourceVersion "1"]
[SourceVersionDate "2022.10.05"]
[SourceQuality "1"]

1. b3 e5 2. Bb2 d6 3. e3 Nc6 4. c4 g6 5. Nc3 Bg7 6. g3 h5 7. h3 f5 8. Bg2 Nf6 9. d4 e4 10. h4 Be6 11. Nh3 Qe7 12. d5 Ne5 13. dxe6 Nd3+ 14. Qxd3 exd3 15. Bxb7 d2+ 16. Kxd2 Ne4+ 17. Nxe4 Bxb2 18. Rab1 Rb8 19. Bc6+ Kf8 20. Nf4 Qg7 21. Ng5 Qc3+ 22. Ke2 Kg7 23. e7 Qc2+ 24. Kf3 Bf6 25. Nfe6+ Kg8 26. e8B Bxg5 27. hxg5 Rxe8 28. Nd4 Qd3 29. Rbd1 Rxe3+ 30. fxe3 Qc3 31. Bd5+ Kh7 32. Rc1 Qa5 33. Rc2 Re8 34. Bf7 Rxe3+ 35. Kf2 Qe5 36. Ne2 Qe4 37. Bd5 Rf3+ 38. Kg2 Rxg3+ 39. Kxg3 Qxc2 40. Nf4 Qxa2 41. Re1 h4+ 42. Kh3 Qxb3+ 43. Kxh4 1-0

[Event "FRA-ch U20"]
[Site "Agen"]
[Date "2021.10.25"]
[Round "3.5"]
[White "Canivet, Arnaud"]
[Black "Attard, Leopold"]
[Result "0-1"]
[WhiteElo "1892"]
[BlackElo "2079"]
[PlyCount "62"]
[EventDate "2021.10.25"]
[EventType "swiss"]
[EventRounds "9"]
[EventCountry "FRA"]
[SourceTitle "EXT 2023"]
[Source "ChessBase"]
[SourceDate "2022.10.05"]
[SourceVersion "1"]
[SourceVersionDate "2022.10.05"]
[SourceQuality "1"]

1. e4 e6 2. Qe2 c5 3. g3 a6 4. Bg2 b5 5. f4 Bb7 6. c3 Nc6 7. Nh3 g6 8. 0-0 Bg7 9. d3 Qe7 10. Be3 Nh6 11. Nd2 Na5 12. Rae1 0-0 13. f5 exf5 14. Bxh6 Bxh6 15. exf5 Qxe2 16. Rxe2 Rfe8 17. Ne4 Bxe4 18. Bxe4 d5 19. fxg6 hxg6 20. Bf3 Rxe2 21. Bxe2 d4 22. cxd4 Be3+ 23. Kg2 Bxd4 24. b3 Ra7 25. Ng5 Nc6 26. Bf3 Nb4 27. Be4 Rd7 28. a3 Nc2 29. Kh3 Ne3 30. Rf3 f6 31. Ne6 Rh7# 0-1

[Event "Avoine op 33rd"]
[Site "Avoine"]
[Date "2018.07.21"]
[Round "1"]
[White "Canivet, Arnaud"]
[Black "Navrotescu, Andreea Cristiana"]
[Result "0-1"]
[WhiteElo "1857"]
[BlackElo "2182"]
[PlyCount "46"]
[EventDate "2018.07.21"]
[EventType "swiss"]
[EventRounds "9"]
[EventCountry "FRA"]
[SourceTitle "CBM 185 Extra"]
[Source "ChessBase"]
[SourceDate "2018.07.29"]
[SourceVersion "1"]
[SourceVersionDate "2018.07.29"]
[SourceQuality "1"]

1. d4 Nf6 2. c4 g6 3. Nc3 d5 4. Bg5 Ne4 5. Bf4 Nxc3 6. bxc3 dxc4 7. e4 b5 8. a4 c6 9. axb5 cxb5 10. Qb1 Bd7 11. Nf3 Bg7 12. Ne5 0-0 13. Nxd7 Qxd7 14. e5 Qd5 15. Be2 Qxg2 16. Kd2 Qd5 17. Ke3 Nc6 18. Bf3 Qd7 19. Qxb5 Rac8 20. Bxc6 Rxc6 21. Rxa7 Qf5 22. Rd1 Rf6 23. Ke2 Qh5+ 0-1

[Event "Espalion op 2nd"]
[Site "Espalion"]
[Date "2017.07.22"]
[Round "9"]
[White "Canivet, Arnaud"]
[Black "Kozlowski, Thierry"]
[Result "1/2-1/2"]
[WhiteElo "1760"]
[BlackElo "1951"]
[PlyCount "98"]
[EventDate "2017.07.15"]
[EventType "swiss"]
[EventRounds "9"]
[EventCountry "FRA"]
[SourceTitle "CBM 179 Extra"]
[Source "ChessBase"]
[SourceDate "2017.08.23"]
[SourceVersion "1"]
[SourceVersionDate "2017.08.23"]
[SourceQuality "1"]

1. c4 c5 2. g3 e6 3. Bg2 Nf6 4. Nc3 a6 5. e4 Nc6 6. Nge2 Qc7 7. 0-0 Be7 8. f4 h5 9. h3 Rb8 10. d3 d6 11. Be3 b5 12. b3 b4 13. Na4 Nd7 14. d4 cxd4 15. Nxd4 Bb7 16. Rc1 Nc5 17. Nxc5 dxc5 18. Nf3 Rd8 19. Qe2 g5 20. Nxg5 Bxg5 21. fxg5 Qxg3 22. Bxc5 Qxg5 23. Qf2 Ne5 24. Bd4 Rh7 25. Kh1 Rg7 26. Rcd1 Nd3 27. Rxd3 Qxg2+ 28. Qxg2 Rxg2 29. Kxg2 Bxe4+ 30. Rff3 e5 31. Kg3 h4+ 32. Kf2 exd4 33. Rd2 f5 34. Rf4 Ke7 35. Rxh4 a5 36. Rh6 d3 37. Ke3 Rg8 38. Rh4 Rg3+ 39. Kd4 Kf6 40. Rxe4 fxe4 41. Kxe4 Rxh3 42. Rxd3 Rh2 43. Kd5 Rxa2 44. c5 Ke7 45. Kc6 Rc2 46. Kb6 Rc3 47. Rd4 Rxb3 48. Kxa5 Rb1 49. Rxb4 Rxb4 1/2-1/2